Common Knowledge Categories 1 - Statistics

General Stats
  • This quiz has been taken 155 times
  • The average score is 9 of 25
Answer Stats
Question Answer % Correct
Recognized Planets Pluto
86%
Car VolksWheel
86%
Presidents of the United States Benjamin Franklin
71%
Rappers M&M
71%
Country Capitals Montreal, Canada
71%
Sports in the Summer Olympics Football
57%
Chocolate Candy Bars Milk Duds
57%
Colors of the Rainbow Pink
57%
Elements (Periodic Table) Vibranium
57%
Years in the Civil War 1860
43%
Trigonomic Functions Cocosine
43%
Parts of a Plant Cell Flagellum
43%
State Capitals Chicago, Illinois
29%
Books in the Harry Potter Series Harry Potter and the Half-Blood Princess
29%
Mountain Ranges Kilimanjaro Mountains
29%
Letters of the Greek Alphabet Pho
29%
Correct Mathematical Formulas/Theorms Point-Slope Formula: y1 + y2 = m(x1 - x2)
29%
Pasta Barille
14%
Fruits (Scientifically) Kale
14%
Prime Numbers 0
0%
Fast Food Chains Chicken-Fil-A
0%
"Hello" in Other Languages (Not other Greetings!) Guten Tag
0%
Teams in the NFL Hawks
0%
Traditional 2-Player Board Games Risk
0%
Companies Launched Before 2000 Vimeo
0%
No matching quizzes found
Score Distribution
Percent of People with Each Score
Percentile by Number Answered
Your Score History
You have not taken this quiz